Cuida't les dents : guia de l'exposició guia de l'exposició
Publicado:
Barcelona :
Diputació de Barcelona. Àrea de Salut Pública i Consum. Servei de Salut Pública ,
2011
Descripción Física:
27 p., 11 f. solts : il. col. ; 24 cm
MARC
| LEADER | 00000nam a2200000Ia 4500 | ||
|---|---|---|---|
| 001 | 23176 | ||
| 008 | 160829s2011 xx 000 0 cat d | ||
| 080 | |a FU-59-34 | ||
| 245 | |a Cuida't les dents : |b guia de l'exposició | ||
| 260 | |a Barcelona : |b Diputació de Barcelona. Àrea de Salut Pública i Consum. Servei de Salut Pública, |c 2011 | ||
| 300 | |a 27 p., 11 f. solts : |b il. col. ; |c 24 cm | ||
| 590 | |a A la contraportada: Exposició itinerant propietat de l'Àrea de Salut Pública i Consum de la Diputació de Barcelona. | ||
| 590 | |a Inclou 11 fitxes de 'Material complementari per treballar a l'aula després d'haver anat a l'exposició' | ||
| 650 | |a Dents |x Cura i higiene |x Exposicions |9 40097 | ||
| 650 | 0 | |a Dents |x Cura i higiene |x Educació primària |9 49586 | |
| 710 | |a Barcelona (Catalunya : Província). |b Servei de Salut Pública |9 52202 | ||
| 710 | |a Barcelona (Catalunya : Província). |b Àrea de Salut Pública i Consum |9 7348 | ||
| 901 | |a Arxiu | ||
| 942 | |n 1 |2 udc | ||
| 952 | |0 0 |1 0 |4 0 |6 FU5934 |7 1 |9 52694 |a Arxiu |b Arxiu |d 2016-12-01 |l 0 |o FU-59-34 |p 23176 |r 2016-12-01 00:00:00 |w 2016-12-01 |y ARXIU | ||
| 999 | |c 56543 |d 56543 | ||